000 00672nam a2200193 i 4500
001 159967
003 ES-MaACL
005 20250708194225.0
008 021009s1888 fr |||| | fre d
040 _aCCPB | B
_bspa
_cCCPB | B
100 1 _aMonin, E.
_9130058
245 1 2 _aL'hygiène de l'estomac
_b: guide practique de l'alimentation /
_cE. Monin ; préface de Theodore de Banville.
260 _aParis :
_bOctave Doin, éditeur,
_c1888 (
_fimp. Binger Frères)
300 _aXXII, 371 p. ;
_c17 cm.
650 4 _aEstómago.
_9136068
700 1 _aBanville, Théodore,
_d1823-1891
_9125795
852 _aES-MaACL
_jD-2185
_z-- Enc. tela
999 _c159967
_d159967